000 00288nam a2200121 a 4500
001 4140
005 20140414131925.0
008 090218s19uu xx 00 eng d
050 _aER
_bD65 2003
100 _aWillems, Mo
245 _aDon't let the pigeon drive the bus!.
999 _c111974
_d111974